• 首页
  • 本馆介绍
  • 公告通知
  • 最新文献
  • 馆藏检索
  • 电子资源
  • 读者导购
  • 参考咨询
  • 我的图书馆
  • 登录
  • 详细信息显示
  • 放入我的书架
  • 预约/预借图书
  • 作者相关作品
  • 分类相关作品
  • 丛书相关作品
  • 出版社相关作品

书目信息

  • 表格格式
  • 工作单格式
  • 卡片格式
题名:
无机精细化学品的制备和应用
    
 
作者: 张克立 , 贡长生 , 熊家林 主编
分册:  
出版信息: 北京   化学工业出版社  1999
页数: 644
开本: 20cm
丛书名:
单 册:
中图分类: TQ064
科图分类:
主题词: 化工产品--包装 , 化工过程:生产过程 , 化工产品--后处理
电子资源:
ISBN: 7-5025-2603-X
000 00760nam0 2200229 450
001 0754114953
005 20070929150154.95
010    @a7-5025-2603-X
100    @a20070929d km y0chiy0120 ea
101 0  @achi
200 1  @a无机精细化学品的制备和应用@Awu ji jing xi hua xue pin de zhi bei he ying yong@f熊家林,贡长生,张克立 主编@Fxiong jia lin,gong chang sheng,zhang ke li zhu bian
210    @a北京@c化学工业出版社@d1999
215    @a644@c插图@d20cm
606 0  @a化工产品@x包装
606 0  @a化工过程:生产过程
606 0  @a化工产品@x后处理
690    @aTQ064@v3
701  0 @a张克立@Azhang ke li@4主编
701  0 @a贡长生@Agong chang sheng@4主编
701  0 @a熊家林@Axiong jia lin@4主编
801  0 @aCN@bPFT@c20070929
905    @a213230@dTQ064@eh20@f1
    
    无机精细化学品的制备和应用/熊家林,贡长生,张克立 主编.-北京:化学工业出版社,1999
    644:插图;20cm
    
    
    ISBN 7-5025-2603-X:
    
●
相关链接 在E读中查询图书 在五车中查询图书 在当当中查询图书 在豆瓣中查询图书


正题名:无机精细化学品的制备和应用     索取号:TQ064/h20         预约/预借

序号 登录号 条形码 馆藏地/架位号 状态 备注
1 6000564   260005648   密集书库-化学系/ [索取号:TQ064/h20] 在馆    
唐山师范学院图书馆 欢迎您!
大连网信软件有限公司© 版权所有